Технологии и предприемачество V клас (Запис номер 197592)
[ съкратено ]
| 000 -Лидер | |
|---|---|
| Контролно поле с фиксирана дължина | 01893nam a2200361 c 4500 |
| 003 - Код на организацията, давaща контролен номер | |
| Контролно поле | BLK |
| 005 - Дата и час на последна редакция | |
| Контролно поле | 20190625114401.0 |
| 008 - Елементи от данни с фиксирана дължина | |
| fixed length control field | 180411b bul|||||r ||||||| ||bul|| |
| 010 ## - Наследен системен номер | |
| LC control number | KNG00206873000 |
| 020 ## - Международен стандартен номер на книга ISBN | |
| Международен стандартен номер на книга ISBN | 978-954-01-3190-0 |
| -- | издат.: Просвета - на том (Тетр.) |
| 040 ## - Източник на каталожния запис | |
| Идентификатор на билиотеката - собственик на записа | BLK |
| 041 ## - Код за език | |
| Код за езика на текст/звукозапис или на отделно заглавие | Български |
| Код за езика КДБФ | Български |
| 072 #7 - Код за тематичната категория | |
| Код организация | bullib |
| Код за тематична категория | Н372 |
| Текст | Учебни предмети. Учебници Н |
| 080 ## - УДК | |
| Текстов определител УДК | Специално обучение като елемент на общообразователното обучение - Обучение по техника, домакинство, селско стопанство и др. |
| УДК код - определител по УДК | 373.6 |
| УДК определител | (076)(075.2) |
| УДК - код + определител | 373.6(076)(075.2) |
| 100 1# - Редна дума - Автор | |
| Автор | Витанов, Любен Владимиров |
| Авторска отговорност | първи автор |
| R(LIN) | 366231 |
| 139 ## - Редно поле | |
| Редна дума | Витанов, Любен Владимиров и др. |
| Авторски знак | Вит - В 65 |
| 245 10 - Сведения за заглавието | |
| Заглавие | Технологии и предприемачество V клас |
| Редно поле (дума) | Любен Владимиров Витанов; съавт. Донка Куманова-Ларде. |
| Том | Тетр. |
| 257 ## - Страна на издаване | |
| Страна на създаване/издаване | България |
| 260 ## - Област на издателските данни | |
| -- | София |
| Година на издаване | 2016 |
| Печатница | София : Ропринт |
| 300 ## - Физическа характеристика | |
| Размери/Мащаб | 29 см |
| 380 ## - Жанр | |
| Жанр | Обществени науки |
| 650 #4 - Допълнително описание по предмет – тема | |
| Основно описание – тема или топоним | Труд и техника |
| 9 (RLIN) | 292793 |
| 653 ## - Ключова дума – ненормативна | |
| Ключова дума | учебни помагала |
| 653 ## - Ключова дума – ненормативна | |
| Ключова дума | основно образование |
| 659 ## - Тематичен бюлетин | |
| Тематичен бюлетин | Н |
| 700 1# - Други автори (авторска отговорност) | |
| Лично име | Куманова-Ларде, Донка |
| Автороска отговорност (Описва отношението между автора и произведението) | съавт. |
| 9 (RLIN) | 347630 |
| 760 1# - Описание на основната серия | |
| -- | - на том (Тетр.) |
| Редна дума на основното описание | Витанов, Любен Владимиров |
| Място на издаване, издател и година | Просвета, 2016 |
| Страници - том | 43 с. : с ил., [6] л. цв. ил. |
| Забележка - том | Загл. на кор.: Тетрадка по технологии и предприемачество 5. клас |
| Заглавие | Тетр. |
| 852 ## - Местоположение | |
| Форматна сигнатура | Цб ІІ 21777 |
| 856 4# - Електронен адрес и достъп | |
| Електронен формат | pdf - файл |
| Път до файла /url/ | |
| 856 4# - Електронен адрес и достъп | |
| Електронен формат | pdf - файл |
| Път до файла /url/ | |
| 942 ## - АРТИКУЛИ | |
| Вид на библиотечния материал | Книги |
| Скрит в OPAC | Не |
| Koha issues (borrowed), all copies | 1 |
| 944 ## - СЪЗДАВАНЕ И РЕДАКЦИЯ на ЗАПИСА | |
| Създаване/Редакция | Създаване |
| Дата на регистрацията/редакция | 25.05.2017 |
| Служител, извършил регистрацията/редакцията | Виолета_Тройчева |
| 944 ## - СЪЗДАВАНЕ И РЕДАКЦИЯ на ЗАПИСА | |
| Създаване/Редакция | Редакция |
| Дата на регистрацията/редакция | 08.02.2018 |
| Служител, извършил регистрацията/редакцията | Виолета_Тройчева |
| 999 ## - СИСТЕМНИ КОНТРОЛНИ НОМЕРА | |
| Koha biblionumber | 197592 |
| Koha biblioitemnumber | 197592 |
| Код за отписване | Код за изгубен артикул | Код за повреда | Коз за рестрикции | Код за отдаване | Артикулен № | Име на библиотеката - собственик | Име на библиотеката, в която се намира в момента | Статус (Текущо местоположение) | Дата на вписване в системата | Местоположение - отдел | Цена в лева | Инвентарен номер | Систематично азбучна сигнатура | Баркод | Номер на екземпляра | Цена в евро | Служебна бележка | Служебен тип на артикула |
|---|---|---|---|---|---|---|---|---|---|---|---|---|---|---|---|---|---|---|
| Не е изгубен | Не е повреден | без рестрикции | ползва се в читалня | 343951 | Регионална библиотека "Любен Каравелов" Русе | Регионална библиотека "Любен Каравелов" Русе | Хранилище | 2017-05-30 | Хранилище | 7.90 | 120000811813 | Цб ІІ 21777 | 120000811813 | 1 | 4.04 | Дост: Dp Вид: Д N: 17 Дата: 31.03.2017 | Книги |